Equipes do Campeonato Brasileiro Série A - 2019 - Statistics

Estatísticas Gerais
  • Esse quiz foi jogado 70 vezes
  • A pontuação média é 19 de 20
Estatísticas das Respostas
Cidade/UF Estádio Equipe % Correto
Porto Alegre/RS Arrena do G_____ Grêmio
100%
Curitiba/PR Arena da Baixada Athlético Paranaense
98%
Chapecó/SC Arena Condá Chapecoense
98%
Belo Horizonte/MG Mineirão Cruzeiro
98%
Rio de Janeiro/RJ Maracanã Flamengo
98%
Rio de Janeiro/RJ Maracanã Fluminense
98%
São Paulo/SP Allianz Parque Palmeiras
98%
São Paulo/SP Morumbi São Paulo
98%
Belo Horizonte/MG Independência Atlético Mineiro
96%
Salvador/BA Arena Fonte Nova Bahia
96%
Porto Alegre/RS Beira-Rio Internacional
96%
Santos/SP Vila Belmiro Santos
96%
Rio de Janeiro/RJ São Januário Vasco da Gama
96%
Rio de Janeiro/RJ Nilton Santos Botafogo
94%
São Paulo/SP Arena C________ Corinthians
94%
Fortaleza/CE Arena Castelão Fortaleza
94%
Goiânia/GO Serra Dourada Goiás
94%
Fortaleza/CE Arena Castelão Ceará
87%
Florianópolis/SC Ressacada Avaí
83%
Maceió/AL Rei Pelé CSA
81%
Nenhum quiz correspondente encontrado
Distribuição das Pontuações
Porcentagem de Pessoas com Cada Pontuação
Percentil de Números Respondidos
Sua Pontuação Histórica
Você não jogou esse quiz